Latex for Linux : a vade mecum

Αποθηκεύτηκε σε:
Λεπτομέρειες βιβλιογραφικής εγγραφής
Κύριος συγγραφέας: Lipkin, Bernice Sacks
Μορφή: Βιβλίο
Γλώσσα:English
Δημοσίευση: New York : Springer, c1999
Θέματα:
Ετικέτες: Προσθήκη ετικέτας
Δεν υπάρχουν, Καταχωρήστε ετικέτα πρώτοι!

MARC

LEADER 00000nam a2200000 i 4500
001 1/96212
008 991214s1999 eng d
020 |a 0-387-98708-8 
035 |l 10055667 
040 |a GR-MY-UA  |b gre  |e aacr 
041 0 |a eng 
082 0 |a 686.225445369 
100 1 |a Lipkin, Bernice Sacks. 
245 1 0 |a Latex for Linux :  |b a vade mecum /  |c Bernice Sacks Lipkin 
260 |a New York :   |b Springer,   |c c1999 
300 |a xxxi, 568 p.;  |b ill.;  |c 24 cm. 
504 |a Includes bibliographical references and index 
630 0 0 |a LaTeX (Computer file) 
650 0 0 |a Computerized typesetting. 
852 |a INST  |b SAMOS  |e 19991214  |h 686.225445369 LIP  |p 005300016273  |q 005300016273  |t BK  |y 0 
852 |a INST  |b SAMOS  |e 20010118  |h 686.225445369 LIP  |p 005300022378  |q 005300022378  |t BK  |y 0 
901 |a BIBL3-2001-1 
901 |a BIBL3-1999-3 
909 |a Σ  |b 081552 
909 |a Σ  |b 067488 
922 |a 3ΕΛΗ  |b 200006  |c ΕΠΕΑΕΚ/ΜΑΘ  |d ΚΩΣΤΑΡΑΚΗΣ 
922 |a 3ΕΛΗ  |b 199911  |c ΕΠΕΑΕΚ/ΜΑΘ  |d LEADER 
970 |a ΠΟΥΡΝΑΡΑΣ  |b ΔΗΜΗΤΡΗΣ  |z 1999/12/14